Elecciones municipales y debilitamiento del respaldo electoral bipartidista en Costa Rica: período 1986-2002 /
Este trabajo pone de manifiesto los patrones de comportamiento electoral de los costarricense en la designación de autoridades políticas municipales en el periodo 1986-2002, en aspectos como el control electoral partidario, la asignación por agrupación política de escaños municipales y el abstencion...
Պահպանված է:
| Հիմնական հեղինակ: | |
|---|---|
| Ձևաչափ: | Տեքստ |
| Լեզու: | Spanish |
| Խորագրեր: | |
| Ցուցիչներ: |
Ավելացրեք ցուցիչ
Չկան պիտակներ, Եղեք առաջինը, ով նշում է այս գրառումը!
|
MARC
| LEADER | 00000 a a2200000 04500 | ||
|---|---|---|---|
| 001 | 1130 | ||
| 003 | cru IIS | ||
| 005 | 20210812113600.0 | ||
| 008 | 210812b |||||||| |||| 00| 0 spa d | ||
| 040 | |c cru IIS | ||
| 100 | |a Alfaro Redondo, Ronald | ||
| 245 | |a Elecciones municipales y debilitamiento del respaldo electoral bipartidista en Costa Rica: período 1986-2002 / |c Ronald Alfaro Redondo | ||
| 500 | |a Resumen también en inglés | ||
| 500 | |a Colección Centroamérica | ||
| 520 | |a Este trabajo pone de manifiesto los patrones de comportamiento electoral de los costarricense en la designación de autoridades políticas municipales en el periodo 1986-2002, en aspectos como el control electoral partidario, la asignación por agrupación política de escaños municipales y el abstencionismo cantonal. A su vez, compara estos resultados con los obtenidos en las elecciones presidenciales y legislativas | ||
| 650 | |a GOBIERNO LOCAL | ||
| 650 | |a ELECCIONES | ||
| 650 | |a COMPORTAMIENTO POLITICO | ||
| 650 | |a SISTEMAS ELECTORALES | ||
| 650 | |a PLURALISMO POLITICO | ||
| 650 | |a PARTIDOS POLITICOS | ||
| 650 | |a ELECCIONES | ||
| 650 | |a PARTIDOS POLITICOS | ||
| 650 | |a PODER LEGISLATIVO | ||
| 650 | |a GOBIERNO LOCAL | ||
| 773 | |g volumen 28, número 1 -2; páginas 89-135 | ||
| 773 | 0 | |0 18765 |9 5848 |a Universidad de Costa Rica. |d San José, Costa Rica: Editorial Universidad de Costa Rica, 1974- |o 21443 |t Anuario de Estudios Centroamericanos / |x 03777316 | |
| 942 | |2 ddc |c PP | ||
| 999 | |c 29715 |d 29715 | ||
